| 000 | 00704nam a2200265Ia 4500 | ||
|---|---|---|---|
| 003 | GCL | ||
| 008 | 140319s9999 xx 000 0 ara d | ||
| 040 |
_aGCL / _cGCL |
||
| 082 | 0 | 4 |
_a150.1952 _bهـ ا |
| 100 | 1 | _aهال, كلفين | |
| 245 | 1 | 0 |
_aاصول علم النفس الفرويدى / _cهال, كلفين |
| 700 | 1 | _aمحمد فتحى الشنيطى | |
| 490 | _a | ||
| 650 | 0 | 4 | _aعلم النفس |
| 650 | 0 | 4 | _aالتحليل النفسى |
| 650 | 0 | 4 | _aالشخصية |
| 650 | 0 | 4 | _aاللاشعور |
| 650 | 0 | 4 | _aالانا |
| 650 | 0 | 4 | _aالغرائز |
| 650 | 0 | 4 | _aالقلق |
| 650 | 0 | 4 | _aفرويد |
| 650 | 0 | 4 | _aالشعور |
| 650 | 0 | 4 | _aالكبت |
| 942 |
_2ddc _cBK |
||
| 999 |
_c39263 _d39263 |
||